000 00255nam a2200097 a 4500
005 20200930074823.0
008 111124s1926 000 spa d
245 3 _aEl teatro del uruguayo Florencio Sánchez.
260 _aBarcelona,
_c1926.
999 _c35527
_d35527
040 _aDO-SdBNP